000 00734nam a2200289Ia 4500
008 210210b2009 xxu||||| |||| 00| 0 eng d
020 _a9780415965576
041 _aeng
082 _a370.11 ANDS
100 _aANDRZEJEWSKI (Julie)
245 _aSocial justice peace and environmental education: transformative standards
260 _aNew York
_bRoutledge
_c2009
300 _axi,332
650 _atransformative
650 _astandards
650 _aSocial
650 _apeace
650 _ajustice
650 _aHuman rights
650 _aGlobal justice
650 _aenvironmental
650 _aeducation:
650 _aand
690 _aValue Education
700 _aBALTODANO (Marta P)
906 _a064726
999 _c141587
_d141587